00000000nam 2200000zi 4500
0019.922162
003CaOODSP
00520230502143118
006m     o  d f      
007cr |n|||||||||
008230502e20230216oncd    o    f|0| 0 fre d
040 |aCaOODSP|bfre|erda|cCaOODSP
043 |an-cn---
0861 |aYN5-262/2023F-PDF
24500|aDépenses fédérales de programmes consacrées au logement en 2022.
264 1|aOttawa : |bBureau du Directeur parlementaire du budget = Office of the Parliamentary Budget Officer, |c16 février 2023.
264 4|c©2023
300 |a1 ressource en ligne (22 pages) : |bgraphiques
336 |atexte|btxt|2rdacontent/fre
337 |ainformatique|bc|2rdamedia/fre
338 |aressource en ligne|bcr|2rdacarrier/fre
500 |aPublié aussi en anglais sous le titre : Federal program spending onhousing in 2022.
500 |a« RP-2223-023-S_f. »
520 |a« Ce rapport réaffirme notre constat précédent : bien que le gouvernement fédéral déclare des dépenses de dizaines de milliards de dollars au titre du logement abordable dans le cadre de la Stratégie, il ne s’agit pas seulement de dépenses fédérales, et une partie seulement comporte un coût budgétaire net. De plus, une part de ces fonds n’est pas constituée de nouvelles dépenses, mais fait plutôt partie des dépenses prévues dans le cadre de programmes préexistants qui prendront fin au cours des prochaines années »--Résumé, page 1.
61016|aCanada. |bSociété canadienne d'hypothèques et de logement|xCrédits budgétaires et dépenses.
61016|aCanada. |bEmploi et développement social Canada|xCrédits budgétaires et dépenses.
650 6|aLogement|zCanada|xFinances.
7101 |aCanada. |bBureau du Directeur parlementaire du budget, |eorganisme de publication.
77508|tFederal program spending on housing in 2022.|w(CaOODSP)9.922115
85640|qPDF|s540 Ko|uhttps://publications.gc.ca/collections/collection_2023/dpb-pbo/YN5-262-2023-fra.pdf